000 00410nam a22001457a 4500
008 240515b ||||| |||| 00| 0 eng d
020 _a9789966814654
050 _aHM1121
_b.M85 2018
100 _aMwita, James
245 _aEthnic land conflicts:
_ba constant struggle/
260 _a[Nairobi, Kenya.]
_binkedhubwritters
_c2018
300 _a115 p.;
_c22 cm.
650 _aEthnic conflict.
942 _2lcc
_cBK
999 _c59219
_d59219